LIBRARY & INFORMATION CENTRE, KCAET, TAVANUR

ONLINE PUBLIC ACCESS CATALOGUE (OPAC)

The last girl : my story of captivity, and my fight against the Islamic State (Record no. 15671)

MARC details
000 -LEADER
fixed length control field 00441nam a22001577a 4500
003 - CONTROL NUMBER IDENTIFIER
control field OSt
008 - FIXED-LENGTH DATA ELEMENTS--GENERAL INFORMATION
fixed length control field 190524b ||||| |||| 00| 0 eng d
020 ## - INTERNATIONAL STANDARD BOOK NUMBER
ISBN 9780349009773
082 ## - DEWEY DECIMAL CLASSIFICATION NUMBER
Classification number 956.7044
Item number MUR/TH
100 ## - MAIN ENTRY--AUTHOR NAME
Personal name Murad, Nadia.
245 ## - TITLE STATEMENT
Title The last girl : my story of captivity, and my fight against the Islamic State
260 ## - PUBLICATION, DISTRIBUTION, ETC. (IMPRINT)
Place of publication London
Name of publisher Virago Press
Year of publication 2017
300 ## - PHYSICAL DESCRIPTION
Number of Pages 306 p.
700 ## - ADDED ENTRY--PERSONAL NAME
Personal name Krajeski, Jenna.
942 ## - ADDED ENTRY ELEMENTS (KOHA)
Koha item type Books
Holdings
Withdrawn status Lost status Damaged status Home library Current library Date acquired Cost, normal purchase price Full call number Accession Number Koha item type
      KAUAET KAUAET 24/05/2019 499.00 956.7044 MUR/TH 25962 Books
free website counter